[Event "19. Obert Int. Sant Marti 2017"]
[Site "Barcelona ESP"]
[Date "2017.07.14"]
[Round "2.45"]
[White "Llados Clos, Jaume"]
[Black "Perales Galindo, Eduard"]
[Result "1/2-1/2"]
[WhiteElo "1801"]
[BlackElo "2185"]
[PlyCount "134"]
[EventDate "2017.07.13"]
[EventType "swiss"]
[EventRounds "9"]
[EventCountry "ESP"]
[SourceTitle "Ajedrez en Madrid"]
[Source "lmi"]
[SourceDate "2017.07.13"]
[SourceVersion "1"]
[SourceVersionDate "2019.06.21"]
[SourceQuality "1"]

1. e4 c5 2. Nc3 a6 3. f4 b5 4. Nf3 Bb7 5. d3 e6 6. e5 d5 7. exd6 Bxd6 8. Ne4
Nf6 9. Nxd6+ Qxd6 10. g3 Nc6 11. Bg2 Rd8 12. Qe2 O-O 13. O-O Ne7 14. b3 Nf5 15.
Kh1 Ng4 16. Nh4 Bxg2+ 17. Nxg2 h5 18. Bb2 Qd5 19. Kg1 Nd4 20. Bxd4 Qxd4+ 21.
Kh1 g6 22. Rae1 Qd5 23. Qe4 Kg7 24. Qxd5 Rxd5 25. Ne3 Nxe3 26. Rxe3 Kf6 27. Kg2
Rfd8 28. Kf3 Ke7 29. Re5 Kd6 30. Rfe1 a5 31. R1e4 b4 32. h4 a4 33. Rxd5+ exd5
34. Re5 Ra8 35. Re2 axb3 36. cxb3 f6 37. Kf2 Ra3 38. Rc2 Ra7 39. Re2 Rg7 40.
Kf3 g5 41. hxg5 fxg5 42. fxg5 Rxg5 43. Kf4 Rg4+ 44. Kf3 Rd4 45. Ke3 h4 46. gxh4
Rxh4 47. Kd2 Rh1 48. Kc2 Ra1 49. Kb2 Rf1 50. a4 bxa3+ 51. Kxa3 Rd1 52. Re3 Ra1+
53. Kb2 Ra7 54. Kc2 Rh7 55. Re2 Kc6 56. Kc3 Kb5 57. Rf2 Rh4 58. Rg2 Rh3 59. Kc2
Rf3 60. Rh2 Rf4 61. Kc3 Rf1 62. Rg2 Ra1 63. Rg8 Re1 64. Rb8+ Kc6 65. b4 cxb4+
66. Rxb4 Rh1 67. Rg4 Rh6 1/2-1/2

[Event "19. Obert Int. Sant Marti 2017"]
[Site "Barcelona ESP"]
[Date "2017.07.14"]
[Round "2.46"]
[White "Alcaraz Lopez, Francesc"]
[Black "Bhagwat, Vinod"]
[Result "0-1"]
[WhiteElo "1811"]
[BlackElo "2177"]
[PlyCount "66"]
[EventDate "2017.07.13"]
[EventType "swiss"]
[EventRounds "9"]
[EventCountry "ESP"]
[SourceTitle "Ajedrez en Madrid"]
[Source "lmi"]
[SourceDate "2017.07.13"]
[SourceVersion "1"]
[SourceVersionDate "2019.06.21"]
[SourceQuality "1"]

1. c4 e6 2. Nc3 d5 3. e3 Nf6 4. Nf3 c6 5. d4 Bd6 6. Bd3 dxc4 7. Bxc4 b5 8. Bd3
b4 9. Ne2 Ba6 10. O-O O-O 11. Bxa6 Nxa6 12. e4 Be7 13. Bf4 Qb6 14. e5 Nd5 15.
Bg5 h6 16. Bxe7 Nxe7 17. Nd2 Nf5 18. Nc4 Qb5 19. Qc2 Rfd8 20. Rfd1 c5 21. dxc5
Nxc5 22. b3 Nd7 23. Qe4 Nb6 24. Nd6 Nxd6 25. Rxd6 Rxd6 26. exd6 Rd8 27. Nd4 Qd5
28. Qxd5 Nxd5 29. Nc6 Rxd6 30. Nxa7 Nc3 31. g3 Ra6 32. Nc8 Kf8 33. Re1 Rc6 0-1

[Event "19. Obert Int. Sant Marti 2017"]
[Site "Barcelona ESP"]
[Date "2017.07.14"]
[Round "2.47"]
[White "Rizouk, Aimen"]
[Black "Nadal Fajardo, Ricard"]
[Result "1-0"]
[WhiteElo "2472"]
[BlackElo "2027"]
[PlyCount "79"]
[EventDate "2017.07.13"]
[EventType "swiss"]
[EventRounds "9"]
[EventCountry "ESP"]
[SourceTitle "Ajedrez en Madrid"]
[Source "lmi"]
[SourceDate "2017.07.13"]
[SourceVersion "1"]
[SourceVersionDate "2019.06.21"]
[SourceQuality "1"]

1. e4 c6 2. d4 d5 3. e5 Bf5 4. h4 h5 5. Bd3 Bxd3 6. Qxd3 Qa5+ 7. Nd2 Qa6 8. c4
e6 9. Ngf3 Nh6 10. O-O Nf5 11. b3 Nd7 12. Bb2 Be7 13. g3 O-O-O 14. Qc2 Kb8 15.
a4 g5 16. Nxg5 Bxg5 17. hxg5 h4 18. g4 Ne7 19. Kh2 dxc4 20. Qxc4 Qb6 21. Ne4
Nd5 22. Rad1 Qb4 23. Qxb4 Nxb4 24. Nd6 Rh7 25. f4 Nd5 26. Rf3 c5 27. f5 cxd4
28. Bxd4 Ka8 29. Rc1 Nb8 30. Bb2 Nc6 31. Rcf1 a6 32. Kh3 Rg8 33. fxe6 fxe6 34.
Rf8+ Rxf8 35. Rxf8+ Ka7 36. Nc8+ Kb8 37. Nb6+ Ka7 38. Nxd5 exd5 39. e6 d4 40.
Rf7 1-0

[Event "19. Obert Int. Sant Marti 2017"]
[Site "Barcelona ESP"]
[Date "2017.07.14"]
[Round "2.48"]
[White "Gonzales, Jayson"]
[Black "Amer, Said Salim Al Maash"]
[Result "1-0"]
[WhiteElo "2399"]
[BlackElo "2025"]
[PlyCount "45"]
[EventDate "2017.07.13"]
[EventType "swiss"]
[EventRounds "9"]
[EventCountry "ESP"]
[SourceTitle "Ajedrez en Madrid"]
[Source "lmi"]
[SourceDate "2017.07.13"]
[SourceVersion "1"]
[SourceVersionDate "2019.06.21"]
[SourceQuality "1"]

1. d4 d6 2. Nf3 Nf6 3. g3 g6 4. Bg2 Bg7 5. c4 Bf5 6. Qb3 Qc8 7. Nc3 c6 8. h3
O-O 9. g4 Bd7 10. e4 e5 11. dxe5 dxe5 12. Nxe5 Nxe4 13. Nxe4 Bxe5 14. Bh6 Re8
15. f4 Bxf4 16. Bxf4 f5 17. Bh6 Rxe4+ 18. Bxe4 Qe8 19. c5+ Be6 20. Qc3 Qe7 21.
O-O-O Nd7 22. gxf5 Nxc5 23. Bc2 1-0

[Event "19. Obert Int. Sant Marti 2017"]
[Site "Barcelona ESP"]
[Date "2017.07.14"]
[Round "2.49"]
[White "Eggleston, David J"]
[Black "Minguell Soler, Joan"]
[Result "1-0"]
[WhiteElo "2394"]
[BlackElo "2021"]
[PlyCount "87"]
[EventDate "2017.07.13"]
[EventType "swiss"]
[EventRounds "9"]
[EventCountry "ESP"]
[SourceTitle "Ajedrez en Madrid"]
[Source "lmi"]
[SourceDate "2017.07.13"]
[SourceVersion "1"]
[SourceVersionDate "2019.06.21"]
[SourceQuality "1"]

1. e4 e6 2. d4 d5 3. Nc3 Bb4 4. e5 c5 5. a3 Bxc3+ 6. bxc3 Qa5 7. Bd2 Qa4 8. Qg4
g6 9. Qd1 c4 10. h4 h6 11. Qc1 Bd7 12. Be2 Nc6 13. h5 O-O-O 14. Nf3 Qa5 15.
hxg6 fxg6 16. a4 Nge7 17. Qa3 g5 18. Nh2 Nf5 19. Ng4 Qc7 20. a5 h5 21. Ne3 g4
22. Qc5 Nxe3 23. Bxe3 Rdg8 24. g3 Be8 25. Kd2 Qe7 26. Qxe7 Nxe7 27. Bf4 Nc6 28.
Rh2 a6 29. f3 gxf3 30. Bxf3 Bg6 31. Rah1 Nxa5 32. g4 Nc6 33. gxh5 Bf5 34. h6 b5
35. Rh5 a5 36. Bxd5 exd5 37. Rxf5 Rg2+ 38. Kc1 Ne7 39. Rg5 Rf2 40. Bg3 Rf3 41.
e6 Nf5 42. Be5 Rxh6 43. Rg8+ Kb7 44. Rxh6 1-0

[Event "19. Obert Int. Sant Marti 2017"]
[Site "Barcelona ESP"]
[Date "2017.07.14"]
[Round "2.50"]
[White "Serarols Mabras, Bernat"]
[Black "Soham, Das"]
[Result "1-0"]
[WhiteElo "2308"]
[BlackElo "2020"]
[PlyCount "53"]
[EventDate "2017.07.13"]
[EventType "swiss"]
[EventRounds "9"]
[EventCountry "ESP"]
[SourceTitle "Ajedrez en Madrid"]
[Source "lmi"]
[SourceDate "2017.07.13"]
[SourceVersion "1"]
[SourceVersionDate "2019.06.21"]
[SourceQuality "1"]

1. d4 f5 2. Nc3 Nf6 3. Bg5 d5 4. Bxf6 exf6 5. e3 Be6 6. Qf3 Qd7 7. Bb5 Nc6 8.
Nge2 a6 9. Bxc6 Qxc6 10. O-O g5 11. Nc1 Bb4 12. Nd3 Bxc3 13. bxc3 b6 14. a4
Qxc3 15. Qh5+ Ke7 16. a5 Bd7 17. Rfc1 Bb5 18. Qf3 Ke6 19. e4 Qxd4 20. Qxf5+ Kd6
21. e5+ Kc6 22. exf6 Rhf8 23. f7 bxa5 24. Ne5+ Kb7 25. Rab1 Rad8 26. Nd7 Qe4
27. Nc5+ 1-0

[Event "19. Obert Int. Sant Marti 2017"]
[Site "Barcelona ESP"]
[Date "2017.07.14"]
[Round "2.51"]
[White "Ryan, Joseph"]
[Black "Prats Gaudo, Oscar"]
[Result "1-0"]
[WhiteElo "2284"]
[BlackElo "2015"]
[PlyCount "77"]
[EventDate "2017.07.13"]
[EventType "swiss"]
[EventRounds "9"]
[EventCountry "ESP"]
[SourceTitle "Ajedrez en Madrid"]
[Source "lmi"]
[SourceDate "2017.07.13"]
[SourceVersion "1"]
[SourceVersionDate "2019.06.21"]
[SourceQuality "1"]

1. d4 d5 2. Bf4 e6 3. e3 Bd6 4. Bg3 Nf6 5. Nd2 O-O 6. Bd3 c5 7. c3 b6 8. Qe2
cxd4 9. exd4 a5 10. Ngf3 Ba6 11. Bxa6 Nxa6 12. Bh4 Be7 13. Ne5 Qc7 14. a4 Qb7
15. O-O Rfe8 16. Rae1 Nc7 17. f4 g6 18. g4 Rad8 19. f5 Ne4 20. Bxe7 Rxe7 21. f6
Red7 22. Nxe4 dxe4 23. Qe3 Rd5 24. Qh6 Ne8 25. Rxe4 Rxe5 26. Rxe5 Rd5 27. Qe3
Qd7 28. Rxd5 Qxd5 29. Qe5 Qd8 30. h3 Nc7 31. c4 h6 32. b3 Ne8 33. d5 Nc7 34. d6
Ne8 35. Rd1 Nxf6 36. d7 Nh7 37. Rd6 Nf8 38. Qe3 Nxd7 39. Qd3 1-0

[Event "19. Obert Int. Sant Marti 2017"]
[Site "Barcelona ESP"]
[Date "2017.07.14"]
[Round "2.52"]
[White "Degraeve, Thomas"]
[Black "Abhishek, Das"]
[Result "0-1"]
[WhiteElo "2008"]
[BlackElo "2274"]
[PlyCount "81"]
[EventDate "2017.07.13"]
[EventType "swiss"]
[EventRounds "9"]
[EventCountry "ESP"]
[SourceTitle "Ajedrez en Madrid"]
[Source "lmi"]
[SourceDate "2017.07.13"]
[SourceVersion "1"]
[SourceVersionDate "2019.06.21"]
[SourceQuality "1"]

1. d4 d5 2. c4 e6 3. Nc3 Nf6 4. cxd5 exd5 5. Bg5 c6 6. Qc2 h6 7. Bh4 Be7 8. e3
O-O 9. Bd3 Re8 10. Nge2 Ne4 11. Bxe7 Qxe7 12. O-O Nd7 13. Rae1 Ndf6 14. f3 Nxc3
15. Nxc3 Nh5 16. e4 Qf6 17. Ne2 dxe4 18. fxe4 Qg5 19. Qc1 Be6 20. a3 Rad8 21.
b4 a6 22. h3 Ng3 23. Nxg3 Qxg3 24. Rf3 Qd6 25. d5 cxd5 26. e5 Qb6+ 27. Kh1 Qd4
28. Rg3 Kh8 29. Qc2 Rc8 30. Qe2 Rc3 31. Rd1 Qh4 32. Rf3 Bg4 33. Qf1 Bxf3 34.
Qxf3 Qe7 35. Qxd5 Rd8 36. Qe4 g6 37. h4 h5 38. Bc2 Rxd1+ 39. Bxd1 Rxa3 40. Bf3
Rb3 41. Qxb7 0-1

[Event "19. Obert Int. Sant Marti 2017"]
[Site "Barcelona ESP"]
[Date "2017.07.14"]
[Round "2.53"]
[White "Marzo Pie, Xavier"]
[Black "Priebe, Jan"]
[Result "0-1"]
[WhiteElo "1996"]
[BlackElo "2272"]
[PlyCount "140"]
[EventDate "2017.07.13"]
[EventType "swiss"]
[EventRounds "9"]
[EventCountry "ESP"]
[SourceTitle "Ajedrez en Madrid"]
[Source "lmi"]
[SourceDate "2017.07.13"]
[SourceVersion "1"]
[SourceVersionDate "2019.06.21"]
[SourceQuality "1"]

1. d4 Nf6 2. c4 g6 3. Nc3 Bg7 4. e4 d6 5. Be2 O-O 6. Bg5 h6 7. Be3 c5 8. d5 e6
9. Qd2 exd5 10. exd5 Kh7 11. Nf3 Bf5 12. h3 Re8 13. O-O Ne4 14. Nxe4 Bxe4 15.
Bf4 Qf6 16. Rae1 Nd7 17. b3 b6 18. Bd1 b5 19. cxb5 Nb6 20. a4 c4 21. bxc4 Nxc4
22. Qb4 Qc3 23. Bxd6 Bd3 24. Rxe8 Rxe8 25. Qxc3 Bxc3 26. Bc5 Nd2 27. Nxd2 Bxd2
28. Be3 Ba5 29. Bf3 Bxf1 30. Kxf1 Bb6 31. Bd2 Bc5 32. Bf4 Kg7 33. Bc7 Bb6 34.
Bf4 Bc5 35. Bc7 Bb6 36. Bf4 g5 37. Bg3 Bc5 38. Bc7 Bb6 39. Bg3 Ba5 40. Kg1 f5
41. Bd6 Kf6 42. g3 Re1+ 43. Kg2 Ra1 44. Bb8 Bb6 45. d6 Rxa4 46. d7 Rd4 47. Bc6
Rd2 48. Kh1 h5 49. f4 g4 50. hxg4 hxg4 51. Be5+ Ke6 52. Bg7 Rxd7 53. Bxd7+ Kxd7
54. Be5 Ke6 55. Kg2 Kd5 56. Kf1 Kc4 57. Ke2 Kxb5 58. Bf6 Kc4 59. Kd2 Bf2 60.
Bh4 Kd4 61. Ke2 Be3 62. Bf6+ Ke4 63. Bd8 Bb6 64. Be7 a5 65. Bd6 a4 66. Be7 Kd5
67. Kd3 Bf2 68. Bh4 a3 69. Kc2 Kc4 70. Kb1 Kb3 0-1

[Event "19. Obert Int. Sant Marti 2017"]
[Site "Barcelona ESP"]
[Date "2017.07.14"]
[Round "2.54"]
[White "Pinero Fernandez, Xavier"]
[Black "Moravich, Juan"]
[Result "1-0"]
[WhiteElo "2233"]
[BlackElo "2006"]
[PlyCount "69"]
[EventDate "2017.07.13"]
[EventType "swiss"]
[EventRounds "9"]
[EventCountry "ESP"]
[SourceTitle "Ajedrez en Madrid"]
[Source "lmi"]
[SourceDate "2017.07.13"]
[SourceVersion "1"]
[SourceVersionDate "2019.06.21"]
[SourceQuality "1"]

1. Nf3 Nf6 2. d4 d6 3. g3 c6 4. Bg2 g6 5. O-O Bg7 6. c4 O-O 7. Nc3 Bf5 8. Qb3
Qb6 9. h3 Na6 10. Qd1 Ne4 11. Nh4 Nxc3 12. bxc3 Be6 13. Qb3 Qc7 14. a4 b6 15.
e4 Rfd8 16. f4 f5 17. exf5 gxf5 18. Re1 Qd7 19. Bxc6 Qxc6 20. Rxe6 Nc7 21. Rxe7
Re8 22. Nxf5 Bf8 23. d5 Nxd5 24. cxd5 Qc8 25. Re6 Kh8 26. Be3 Qb7 27. Bd4+ Kg8
28. Rae1 Qf7 29. g4 h5 30. Qb5 Rxe6 31. dxe6 Qg6 32. e7 hxg4 33. Qd5+ Kh7 34.
exf8=N+ Rxf8 35. Re7+ 1-0

[Event "19. Obert Int. Sant Marti 2017"]
[Site "Barcelona ESP"]
[Date "2017.07.14"]
[Round "2.55"]
[White "Alcala Valiente, Juan Carlos"]
[Black "Frih, Ameur"]
[Result "1/2-1/2"]
[WhiteElo "1987"]
[BlackElo "2233"]
[PlyCount "72"]
[EventDate "2017.07.13"]
[EventType "swiss"]
[EventRounds "9"]
[EventCountry "ESP"]
[SourceTitle "Ajedrez en Madrid"]
[Source "lmi"]
[SourceDate "2017.07.13"]
[SourceVersion "1"]
[SourceVersionDate "2019.06.21"]
[SourceQuality "1"]

1. d4 d6 2. c4 e5 3. Nf3 e4 4. Ng5 f5 5. g3 Nf6 6. Bg2 c6 7. Nc3 Na6 8. O-O d5
9. cxd5 cxd5 10. Qb3 Be7 11. f3 h6 12. Nh3 g5 13. Nf2 Nc7 14. Bd2 Ne6 15. g4
Nxd4 16. Qa4+ Nc6 17. gxf5 exf3 18. Bxf3 Bxf5 19. e4 dxe4 20. Nfxe4 Nxe4 21.
Bh5+ Kd7 22. Nxe4 Qb6+ 23. Kh1 Qd4 24. Qxd4+ Nxd4 25. Rxf5 Nxf5 26. Bg4 Rhf8
27. Ng3 Rad8 28. Bxf5+ Kc7 29. Bc3 Bd6 30. Rf1 Bf4 31. Bg4 Kb8 32. Ne2 Bc7 33.
Rxf8 Rxf8 34. Kg2 Rf7 35. Nd4 Rf4 36. h3 Bb6 1/2-1/2

[Event "19. Obert Int. Sant Marti 2017"]
[Site "Barcelona ESP"]
[Date "2017.07.14"]
[Round "2.56"]
[White "Vantika, Agrawal"]
[Black "Vazquez Moreno, Josep M"]
[Result "1-0"]
[WhiteElo "2230"]
[BlackElo "1991"]
[PlyCount "79"]
[EventDate "2017.07.13"]
[EventType "swiss"]
[EventRounds "9"]
[EventCountry "ESP"]
[SourceTitle "Ajedrez en Madrid"]
[Source "lmi"]
[SourceDate "2017.07.13"]
[SourceVersion "1"]
[SourceVersionDate "2019.06.21"]
[SourceQuality "1"]

1. d4 d5 2. c4 e6 3. Nf3 Nf6 4. g3 Be7 5. Bg2 O-O 6. O-O Nbd7 7. Qc2 c5 8. cxd5
Nxd5 9. a3 b6 10. e4 N5f6 11. Nc3 Bb7 12. Rd1 a6 13. d5 exd5 14. e5 Ne8 15.
Nxd5 Bxd5 16. Rxd5 Nc7 17. Rd1 Ra7 18. Be3 Ne6 19. Rd5 Qc8 20. Bh3 Rd8 21. Rad1
Ndf8 22. Rxd8 Bxd8 23. Nd2 Rd7 24. Nc4 Rxd1+ 25. Qxd1 Qc6 26. Nd6 Bc7 27. Bg2
Qd7 28. Qd5 Nd8 29. f4 Qe6 30. f5 Qxd5 31. Bxd5 Nd7 32. Bf4 Bxd6 33. exd6 Kf8
34. g4 Ke8 35. g5 g6 36. Be4 Nf8 37. Be5 Kd7 38. h4 Nc6 39. Bg7 gxf5 40. Bxc6+
1-0

[Event "19. Obert Int. Sant Marti 2017"]
[Site "Barcelona ESP"]
[Date "2017.07.14"]
[Round "2.57"]
[White "Rakshitta, Ravi"]
[Black "Carrasco Rodriguez, Jesus"]
[Result "1/2-1/2"]
[WhiteElo "1974"]
[BlackElo "2181"]
[PlyCount "71"]
[EventDate "2017.07.13"]
[EventType "swiss"]
[EventRounds "9"]
[EventCountry "ESP"]
[SourceTitle "Ajedrez en Madrid"]
[Source "lmi"]
[SourceDate "2017.07.13"]
[SourceVersion "1"]
[SourceVersionDate "2019.06.21"]
[SourceQuality "1"]

1. e4 c5 2. Nf3 d6 3. d4 cxd4 4. Nxd4 Nf6 5. Nc3 a6 6. Bg5 Nbd7 7. Bc4 Qb6 8.
O-O Qc5 9. Bd5 e6 10. Re1 Be7 11. Be3 Qa5 12. Bxe6 fxe6 13. Nxe6 Kf7 14. Ng5+
Kf8 15. b4 Qxb4 16. Ne6+ Kg8 17. Bd4 Qa5 18. Nd5 Nxd5 19. Qg4 g6 20. exd5 Bf6
21. Bxf6 Nxf6 22. Qd4 Bxe6 23. Rxe6 Qxd5 24. Qxf6 Rf8 25. Rxd6 Rxf6 26. Rxd5
Rf7 27. Rd8+ Kg7 28. Rxh8 Kxh8 29. Rb1 Kg7 30. f3 Kf6 31. Kf2 Rc7 32. Rb2 Ke5
33. Ke3 g5 34. Kd3 Rd7+ 35. Ke3 Rc7 36. Kd3 1/2-1/2

[Event "19. Obert Int. Sant Marti 2017"]
[Site "Barcelona ESP"]
[Date "2017.07.14"]
[Round "2.58"]
[White "Gardela Batlle, Jordi"]
[Black "Minko, Dmitry"]
[Result "1-0"]
[WhiteElo "2151"]
[BlackElo "1987"]
[PlyCount "99"]
[EventDate "2017.07.13"]
[EventType "swiss"]
[EventRounds "9"]
[EventCountry "ESP"]
[SourceTitle "Ajedrez en Madrid"]
[Source "lmi"]
[SourceDate "2017.07.13"]
[SourceVersion "1"]
[SourceVersionDate "2019.06.21"]
[SourceQuality "1"]

1. Nf3 d5 2. d4 Nf6 3. c4 e6 4. Nc3 Be7 5. Bg5 O-O 6. e3 Nbd7 7. cxd5 Nxd5 8.
Bxe7 Qxe7 9. Rc1 c6 10. Qb3 N7f6 11. Bd3 Nxc3 12. Qxc3 Nd5 13. Qc5 Qxc5 14.
Rxc5 b6 15. Rc1 Bb7 16. O-O Rac8 17. a3 Rfd8 18. Rc2 c5 19. Rfc1 cxd4 20. Rxc8
Rxc8 21. Rxc8+ Bxc8 22. Nxd4 Bd7 23. Be4 Kf8 24. Bxd5 exd5 25. Kf1 Ke7 26. Ke2
Kd6 27. Kd3 a6 28. Nf3 f6 29. Kd4 Bg4 30. Nd2 a5 31. Nb1 Bd7 32. Nc3 Bc6 33.
Ne2 Bb7 34. Nf4 g6 35. h4 Bc6 36. g4 f5 37. g5 Bb7 38. h5 gxh5 39. Nxh5 Ke6 40.
f4 Kf7 41. Ke5 Kg6 42. Nf6 a4 43. Nxd5 b5 44. Ne7+ Kh5 45. Kxf5 Bf3 46. e4 Bg4+
47. Kf6 Bd7 48. e5 Kg4 49. f5 Kf4 50. g6 1-0

[Event "19. Obert Int. Sant Marti 2017"]
[Site "Barcelona ESP"]
[Date "2017.07.14"]
[Round "2.59"]
[White "Di Chiara, Mauro"]
[Black "Blasco Coll, Andreu"]
[Result "0-1"]
[WhiteElo "1964"]
[BlackElo "2144"]
[PlyCount "72"]
[EventDate "2017.07.13"]
[EventType "swiss"]
[EventRounds "9"]
[EventCountry "ESP"]
[SourceTitle "Ajedrez en Madrid"]
[Source "lmi"]
[SourceDate "2017.07.13"]
[SourceVersion "1"]
[SourceVersionDate "2019.06.21"]
[SourceQuality "1"]

1. Nf3 d5 2. c4 d4 3. b4 f6 4. e3 e5 5. a3 c5 6. exd4 e4 7. dxc5 exf3 8. Qxf3
Nc6 9. Bb2 Be7 10. Qh5+ Kf8 11. Qd5 Nh6 12. b5 Na5 13. Qxd8+ Bxd8 14. Nc3 Nb3
15. Rd1 Kf7 16. d4 Re8+ 17. Be2 Bf5 18. O-O Bc2 19. Bf3 Rb8 20. Bh5+ g6 21. Bf3
Bxd1 22. Rxd1 f5 23. Nd5 Ng4 24. h3 Nf6 25. Ne3 Ne4 26. Bxe4 Rxe4 27. Rd3 Na5
28. f3 Re8 29. Bc3 f4 30. Bxa5 Rxe3 31. Rxe3 fxe3 32. Bb4 a5 33. Bc3 Bf6 34.
Kf1 Rd8 35. b6 Bxd4 36. Bxd4 Rxd4 0-1

[Event "19. Obert Int. Sant Marti 2017"]
[Site "Barcelona ESP"]
[Date "2017.07.14"]
[Round "2.60"]
[White "Perez Pastora, Evarist"]
[Black "Claramunt Bassegoda, Marcel"]
[Result "1/2-1/2"]
[WhiteElo "2142"]
[BlackElo "1977"]
[PlyCount "100"]
[EventDate "2017.07.13"]
[EventType "swiss"]
[EventRounds "9"]
[EventCountry "ESP"]
[SourceTitle "Ajedrez en Madrid"]
[Source "lmi"]
[SourceDate "2017.07.13"]
[SourceVersion "1"]
[SourceVersionDate "2019.06.21"]
[SourceQuality "1"]

1. e4 e5 2. Nf3 Nc6 3. Bb5 a6 4. Ba4 d6 5. Bxc6+ bxc6 6. d4 exd4 7. Nxd4 c5 8.
Ne2 g6 9. Bd2 Bg7 10. Bc3 Nf6 11. O-O O-O 12. f3 Bb7 13. a4 Re8 14. Nf4 c6 15.
Nd3 Qb6 16. Kh1 d5 17. Nd2 Qa7 18. b3 Rad8 19. Ba5 Ra8 20. Bc3 Rad8 21. Rc1 Bc8
22. Ba5 Rd7 23. e5 Nh5 24. g4 c4 25. bxc4 dxc4 26. Nxc4 Nf4 27. Nd6 Nxd3 28.
cxd3 Rxe5 29. Nxc8 Qb8 30. Nb6 Rde7 31. Rxc6 Bf8 32. Be1 Qb7 33. Rf6 Bg7 34.
Rd6 Bf8 35. Nc4 Rxe1 36. Rxe1 Rxe1+ 37. Qxe1 Bxd6 38. Nxd6 Qxf3+ 39. Kg1 Qxg4+
40. Qg3 Qd1+ 41. Kf2 Qd2+ 42. Kf3 Qxd3+ 43. Kg4 Qd1+ 44. Kg5 Qxa4 45. Kh6 Qa5
46. Nf5 Qd2+ 47. Ne3 Qb4 48. Ng4 Qd2+ 49. Ne3 Qb4 50. Ng4 Qd2+ 1/2-1/2

[Event "19. Obert Int. Sant Marti 2017"]
[Site "Barcelona ESP"]
[Date "2017.07.14"]
[Round "2.61"]
[White "Montell Zabay, Alberto"]
[Black "Abhilash, Reddy M.L."]
[Result "0-1"]
[WhiteElo "1956"]
[BlackElo "2133"]
[PlyCount "98"]
[EventDate "2017.07.13"]
[EventType "swiss"]
[EventRounds "9"]
[EventCountry "ESP"]
[SourceTitle "Ajedrez en Madrid"]
[Source "lmi"]
[SourceDate "2017.07.13"]
[SourceVersion "1"]
[SourceVersionDate "2019.06.21"]
[SourceQuality "1"]

1. e4 c5 2. Nf3 d6 3. d4 cxd4 4. Nxd4 Nf6 5. Nc3 g6 6. Be3 Bg7 7. f3 Nc6 8. Bc4
Bd7 9. Qd2 O-O 10. Nxc6 bxc6 11. Bh6 Qb6 12. Bb3 a5 13. a4 Bxh6 14. Qxh6 Be6
15. Bxe6 fxe6 16. O-O-O Qc5 17. Rd3 Rab8 18. h4 Nh5 19. Ne2 Qe5 20. c3 c5 21.
g4 Nf6 22. Qe3 Rf7 23. Qg5 Nd7 24. Qe3 Rbf8 25. f4 Rxf4 26. Nxf4 Rxf4 27. g5
Rxe4 28. Qg3 Rxa4 29. Qxe5 Nxe5 30. Rdd1 Re4 31. h5 gxh5 32. Rxh5 Rf4 33. Rdh1
Rf7 34. Kc2 c4 35. Rh6 Ng6 36. Re1 e5 37. Ra1 Rf2+ 38. Kb1 e4 39. Rh3 Nf4 40.
Re3 Rf1+ 41. Ka2 Rxa1+ 42. Kxa1 d5 43. Ka2 Nd3 44. Ka3 Nc5 45. Rh3 Kg7 46. Rh6
e5 47. Ka2 e3 48. Rh3 d4 49. Kb1 e2 0-1

[Event "19. Obert Int. Sant Marti 2017"]
[Site "Barcelona ESP"]
[Date "2017.07.14"]
[Round "2.62"]
[White "Asensio Linan, Teodoro"]
[Black "Mateu Farre, Josep Maria"]
[Result "1/2-1/2"]
[WhiteElo "2126"]
[BlackElo "1974"]
[PlyCount "56"]
[EventDate "2017.07.13"]
[EventType "swiss"]
[EventRounds "9"]
[EventCountry "ESP"]
[SourceTitle "Ajedrez en Madrid"]
[Source "lmi"]
[SourceDate "2017.07.13"]
[SourceVersion "1"]
[SourceVersionDate "2019.06.21"]
[SourceQuality "1"]

1. e4 e5 2. Nf3 Nf6 3. Nxe5 d6 4. Nf3 Nxe4 5. Nc3 Nxc3 6. dxc3 Nc6 7. Be3 Be7
8. Bd3 O-O 9. O-O Bg4 10. h3 Be6 11. Nd4 Bd7 12. Re1 Bf6 13. Qd2 Ne5 14. Be4 c6
15. f4 Ng6 16. Nf3 d5 17. Bd3 Nh4 18. Ng5 Bxg5 19. fxg5 Bxh3 20. Bc5 Re8 21.
Rxe8+ Qxe8 22. Qf2 Nxg2 23. Bf1 b6 24. Bd6 Qd8 25. Bg3 Qxg5 26. Bxg2 Bxg2 27.
Kxg2 Re8 28. Re1 Re6 1/2-1/2

[Event "19. Obert Int. Sant Marti 2017"]
[Site "Barcelona ESP"]
[Date "2017.07.14"]
[Round "2.63"]
[White "Valarezzo Ricard, Pedro"]
[Black "Vignesh, B."]
[Result "0-1"]
[WhiteElo "1954"]
[BlackElo "2124"]
[PlyCount "88"]
[EventDate "2017.07.13"]
[EventType "swiss"]
[EventRounds "9"]
[EventCountry "ESP"]
[SourceTitle "Ajedrez en Madrid"]
[Source "lmi"]
[SourceDate "2017.07.13"]
[SourceVersion "1"]
[SourceVersionDate "2019.06.21"]
[SourceQuality "1"]

1. d4 Nf6 2. Bf4 c5 3. c3 Qb6 4. Qc2 Nc6 5. e3 d5 6. Nd2 g6 7. Qb3 c4 8. Qxb6
axb6 9. Be2 b5 10. a3 b4 11. cxb4 Nxb4 12. Rc1 Nc6 13. Ngf3 Nh5 14. Bc7 Kd7 15.
Be5 f6 16. Bg3 Nxg3 17. hxg3 e6 18. Nh4 Rg8 19. Nhf3 Rg7 20. e4 b5 21. e5 fxe5
22. Nxe5+ Nxe5 23. dxe5 b4 24. Rd1 Ke8 25. axb4 Bxb4 26. O-O Ra2 27. Nf3 Rxb2
28. Rb1 Bc3 29. Rxb2 Bxb2 30. Rb1 Rb7 31. Ng5 h6 32. Nf3 Rb8 33. Bd1 Bxe5 34.
Ba4+ Ke7 35. Re1 Bf6 36. Bc6 Kd6 37. Be8 g5 38. Nh2 e5 39. Bg6 c3 40. Rc1 e4
41. Nf1 Ba6 42. Ne3 Bd3 43. f4 Bd4 44. Re1 Rb1 0-1

[Event "19. Obert Int. Sant Marti 2017"]
[Site "Barcelona ESP"]
[Date "2017.07.14"]
[Round "2.64"]
[White "Perez Garcia, Adria"]
[Black "Deaconu, Mihai-Ionut"]
[Result "1-0"]
[WhiteElo "2123"]
[BlackElo "1965"]
[PlyCount "89"]
[EventDate "2017.07.13"]
[EventType "swiss"]
[EventRounds "9"]
[EventCountry "ESP"]
[SourceTitle "Ajedrez en Madrid"]
[Source "lmi"]
[SourceDate "2017.07.13"]
[SourceVersion "1"]
[SourceVersionDate "2019.06.21"]
[SourceQuality "1"]

1. d4 Nf6 2. c4 g6 3. g3 Bg7 4. Bg2 O-O 5. Nf3 d6 6. O-O c6 7. Nc3 Qc7 8. h3
Rd8 9. e4 e5 10. Be3 Na6 11. Rc1 Qe7 12. Qc2 Nd7 13. d5 Nb6 14. Qe2 Bd7 15. a3
c5 16. Rb1 Na4 17. Nxa4 Bxa4 18. b4 Be8 19. Nd2 b6 20. Rb2 cxb4 21. axb4 Nc7
22. Rb3 f5 23. f3 Bd7 24. Ra3 f4 25. gxf4 exf4 26. Bxf4 Rf8 27. Bg3 h5 28. Kh1
h4 29. Bh2 Ne8 30. f4 Nf6 31. c5 bxc5 32. bxc5 Nh5 33. cxd6 Qxd6 34. Ra6 Qc5
35. Rxg6 Ng3+ 36. Bxg3 hxg3 37. Rxg3 Bb5 38. Qg4 Rf7 39. Rg1 Qf2 40. Nf3 Re8
41. Ne5 Be2 42. Bf3 Rxe5 43. Bxe2 Rxe4 44. Qc8+ Rf8 45. Rxg7+ 1-0